000 00854cam a2200265 a 4500
001 12401599
003 GBCCL
005 20241126110426.0
008 010507s2001 moua j 000 0 eng
010 _a 2001268469
020 _a0570071631
040 _aDLC
_cDLC
050 0 0 _aBS551.3
_b.G76 2001
082 _a220.9505
_bGRO
100 1 _aGross, Arthur William,
_d1896-
_94745
245 1 2 _aA child's garden of Bible stories /
_cby Arthur W. Gross ; illustrated by Marilynn Barr.
260 _aSaint Louis :
_bConcordia Pub. House,
_cc2001.
300 _a142 p. :
_bcol. ill. ;
_c20 cm.
500 _a"The classic edition."
650 0 _aBible stories, English.
_91346
700 1 _aBarr, Marilynn G.,
_eill.
_94746
906 _a7
_bcbc
_corigcop
_d3
_encip
_f20
_gy-gencatlg
942 _2ddc
_cBK
_07
999 _c2293
_d2293